Stades de Premier League (2025-2026) - Statistiques

Statistiques générales
  • Ce quiz a été pris 270 fois
  • Le résultat moyen est 10 sur 20
Statistiques - réponses
Équipe Stade Ville Capacité % Correct
Manchester United Old Trafford Manchester 75 635
96%
Arsenal Emirates Stadium Londres 60 704
94%
Liverpool Anfield Liverpool 54 074
90%
Tottenham Tottenham Hotspur Stadium Londres 62 062
82%
Manchester City Etihad Stadium Manchester 55 097
79%
Chelsea Stamford Bridge Londres 41 798
79%
Newcastle United St James' Park Newcastle 52 405
73%
Aston Villa Villa Park Birmingham 42 788
71%
Fulham Craven Cottage Londres 25 700
44%
Sunderland Stadium of Light Sunderland 48 453
36%
Brighton AMEX Stadium Brighton 30 750
32%
Wolverhampton Wanderers Molineux Stadium Wolverhampton 31 700
32%
West Ham Stade Olympique Londres 60 000
32%
Crystal Palace Selhurst Park Londres 26 255
27%
Bournemouth Dean Court Bournemouth 11 646
25%
Everton Hill Dickinson Stadium Liverpool 52 888
22%
Brentford Brentford Community Stadium Londres 17 250
19%
Nottingham Forest City Ground West Bridgford 30 602
19%
Burnley Turf Moor Burnley 21 401
15%
Leeds United Ellan Road Leeds 37 890
14%
Aucun quiz correspondant
Distribution des résultats
% des personnes avec chaque résultat
Percentile par nombre de réponses
Votre historique - résultats
Vous n’avez pas pris ce quiz